JATE, bölcsészettudományi Kar. Felvételi ponthatárok

Elmentve itt :
Bibliográfiai részletek
Dokumentumtípus: Cikk
Megjelent: 1994-07-14
Sorozat:Délmagyarország 84 No. 163
Kulcsszavak:Egyetemi felvételi, bölcsész
Online Access:http://dmarchiv.bibl.u-szeged.hu/82456
LEADER 00444nab a2200145 i 4500
001 delm82456
005 20191009125149.0
008 191009s1994 hu o 0|| hun d
040 |a SZTE Délmagyarország Archívum  |b hun 
041 |a hun 
245 0 0 |a JATE, bölcsészettudományi Kar. Felvételi ponthatárok  |h [elektronikus dokumentum] 
260 |c 1994-07-14 
300 |a 5 
490 0 |a Délmagyarország  |v 84 No. 163 
695 |a Egyetemi felvételi, bölcsész